00309nam a2200109Ia 4500008004100000245008000041260003500121260000900156300001000165500000800175650001600183170224s9999 xx 000 0 und d aPositive activities as protective factors against mental health conditions. bJournal of Abnormal Psychology c2014 a123:2 aMay xPsychology.